Statystyczne metody rynku

Salvato in:
Dettagli Bibliografici
Autore principale: Pociecha, Józef
Natura: Libro
Lingua:polacco
Pubblicazione: Kraków Akademia Ekon. 1986
Serie:Zeszyty naukowe nr. 71
Tags: Aggiungi Tag
Nessun Tag, puoi essere il primo ad aggiungerne!!

MARC

LEADER 00000nam a2200000 4500
001 c104409
005 20150409104112.8
041 0 |a pol 
044 |a PL 
245 1 0 |a Statystyczne metody rynku  |c Józef Pociecha 
264 1 |a Kraków  |b Akademia Ekon.  |c 1986 
300 |a 188 s. 
490 1 |a Zeszyty naukowe  |v nr. 71 
830 0 |a Zeszyty naukowe  |v nr. 71 
100 1 |a Pociecha, Józef